El Salvador: El fenómeno u utópico-profético de un pueblo creyente y organizado

সংরক্ষণ করুন:
গ্রন্থ-পঞ্জীর বিবরন
সংস্থা লেখক: Encuentro de científicos sociales y teólogos sobre el tema "El discernimiento de las utopías", 2
বিন্যাস: কনফারেন্স প্রসিডিং
বিষয়গুলি:
ট্যাগগুলো: ট্যাগ যুক্ত করুন
কোনো ট্যাগ নেই, প্রথমজন হিসাবে ট্যাগ করুন!

MARC

LEADER 00000 a a2200000 04500
001 44703
003
040
245 |a El Salvador:  |b El fenómeno u utópico-profético de un pueblo creyente y organizado  
650 |a RELIGION  
650 |a FENOMENOLOGIA  
650 |a EL SALVADOR  
650 |a CENTROAMERCA  
711 |a Encuentro de científicos sociales y teólogos sobre el tema "El discernimiento de las utopías", 2  
773 |g páginas 203-218  
999 |c 30829  |d 30829